Daňový bonus v rámci ročného zúčtovania u zamestnávateľa

Zamestnanec si môže uplatniť daňový bonus na každé vyživované dieťa žijúce s ním v domácnosti. Na účely uplatnenia daňového bonusu sa za vyživované dieťa považuje vlastné dieťa, osvojené, dieťa prevzaté do starostlivosti nahrádzajúcej starostlivosť rodičov na základe rozhodnutia príslušného orgánu a...

Descripción completa

Guardado en:
Detalles Bibliográficos
Autor principal: Kajanovičová, Zita
Formato: Capítulo de libro
Lenguaje:eslovaco
Materias:
Etiquetas: Agregar Etiqueta
Sin Etiquetas, Sea el primero en etiquetar este registro!

MARC

LEADER 00000naa a2200000 4500
001 0315204
005 20260302103023.2
041 0 |a slo 
044 |a SK 
245 1 0 |a Daňový bonus v rámci ročného zúčtovania u zamestnávateľa  |c Zita Kajanovičová 
520 |a Zamestnanec si môže uplatniť daňový bonus na každé vyživované dieťa žijúce s ním v domácnosti. Na účely uplatnenia daňového bonusu sa za vyživované dieťa považuje vlastné dieťa, osvojené, dieťa prevzaté do starostlivosti nahrádzajúcej starostlivosť rodičov na základe rozhodnutia príslušného orgánu a dieťa druhého z manželov, pričom ide o nezaopatrené dieťa podľa osobitného predpisu. 
610 2 0 |a bonus daňový 
610 2 0 |a úľavy daňové 
610 2 0 |a deti 
610 2 0 |a zamestnanci 
610 2 0 |a zúčtovanie 
610 2 0 |a zákony 
100 1 |a Kajanovičová, Zita